| 000 | 00726nam a22002297a 4500 | ||
|---|---|---|---|
| 003 | OSt | ||
| 005 | 20240621035143.0 | ||
| 008 | 240621b |||||||| |||| 00| 0 eng d | ||
| 020 | _a9789813130036 | ||
| 040 |
_aDWC- Main Lib _cOC |
||
| 082 | _aCirc. 305.231 K13c 2016 | ||
| 100 | _aKail, Robert V. | ||
| 245 |
_aChildren and their development / _cRobert V. Kail. |
||
| 250 | _aSeventh edition | ||
| 260 |
_aSingapore : _bPearson Education South Asia Pte Ltd., _cc2016. |
||
| 300 |
_a586 pages : _billustrations ; _c27cm. |
||
| 504 | _aIncludes index and bibliographical references. | ||
| 650 | _a1. Child Development | ||
| 650 | _a 2. Cognition in children | ||
| 650 | _a3. Child psychology | ||
| 942 |
_2ddc _cBK-CIRC _n1 |
||
| 999 |
_c1064 _d1064 |
||